000 00643nam a2200205 i 4500
001 26298
003 ES-MaACL
005 20250907063037.0
007 t|
008 160825q19111925sp ||||1| spa d
100 1 _aVillar, Emilio H. del,
_d1871-1951
_9115067
245 1 0 _aAmérica sajona /
_cpor Emilio H. del Villar.
260 _aBarcelona :
_bJosé Gallach,
_c[1911-1925?]
300 _a351, 43 p. :
_bil. ;
_c16 cm.
490 1 _aManuales Gallach ;
_v102
651 4 _aAmérica del Norte-
_xDescripción.
_9151803
830 0 _aManuales Gallach ;
_v102
_9183508
852 _aES-MaACL
_jG-15691
999 _c26298
_d26298